000 00643nam a2200229Ia 4500
003 OSt
005 20220918194411.0
006 a|||||r|||| 00| 0
007 ta
008 220917b |||||||| |||| 00| 0 eng d
024 _a79,174
037 _cTextual
040 _aARTS
_cARTS
_beng
041 _2eng
_aeng
082 _aR6947x6:4:91, J5, J5;1
100 _aRahula Sankirityayana
_984712
245 0 _aIndices to the pramanavartikabhashya of prajnakaragupta
260 _c1955
650 _aBUDDHIST PHILOSOPHY
942 _hR6947x6:4:91, J5, J5;1
_cTEXL
_2CC
999 _c202929
_d202929